|
|
|
|
| LEADER |
00000cam a2200000 i 4500 |
| 001 |
1/75993 |
| 008 |
970206s1975 gr | ||| |||| ||gre|| |
| 035 |
|
|
|a 1993
|b 2
|c Δωρεά
|l 10032278
|
| 040 |
|
|
|a GR-MY-UA
|b gre
|e aacr
|
| 041 |
0 |
|
|a gre
|
| 082 |
0 |
|
|a 796.07
|
| 100 |
1 |
|
|a Μπελίτσος, Παναγιώτης Ν.
|
| 245 |
1 |
0 |
|a Αθλητισμός και αγωγή /
|c Παναγιώτη Ν. Μπελίτσου
|
| 260 |
|
|
|a Αθήνα :
|b [χ.ό.],
|c 1975
|
| 300 |
|
|
|a 184 σ.
|
| 650 |
0 |
0 |
|a Physical education and training
|x Study and teaching
|z Greece.
|
| 650 |
0 |
0 |
|a Physical education and training
|z Greece
|x History.
|
| 852 |
|
|
|a INST
|b RHODES
|e 19970206
|h 796.07 ΜΠΕ
|p 005400000618
|q 005400000618
|t BK
|y 0
|
| 852 |
|
|
|a INST
|b RHODES
|e 19970206
|h 796.07 ΜΠΕ
|p 005400000619
|q 005400000619
|t BK
|y 0
|
| 909 |
|
|
|a Ρ
|b 027314
|
| 909 |
|
|
|a Ρ
|b 027315
|
| 922 |
|
|
|a 4ΔΩΡ
|b 199306
|c ΔΩΡΕΑ
|
| 970 |
|
|
|a ΧΟΡΟΖΙΔΟΥ
|b ΤΖΕΝΗ
|z 1999/11/11
|